000 00450nam a2200169 a 4500
001 9433
003 CO-ViMGA
008 141112s2004 ck r 000 u spa d
040 _aCO-ViMGA
_bspa
_cCO-ViMGA
082 0 4 _a657.48 H813b
100 1 _aHorngren ; Charles T.,
_910305
245 1 0 _aBiblioteca de contabilidad financiera.
250 _a5
260 _aMexico :
_bPrentice Hall HispanoAmérica,
_c1996.
300 _a3v. : il
942 _2ddc
_cBK
999 _c20952
_d20952